000 00719nas a2200241 4500
001 BR9508489
003 BR-BrBNA
005 20231205094814.0
007 ta
008 230509b bl.|||p| |||| 00| 00por d
040 _aBR-BrBNA
_bpor
_cBiblioteca Nacional de Agricultura
041 _a(Pt)
072 _aH20
100 1 _aSchuck, E.
245 1 _aOcorrencia de bacterioses em ensaios de campo com soja no Rio Grande do Sul
650 _aSoja
650 _aBacteriose
650 _aPustula Bacteriana
650 _aRio Grande do Sul
773 0 _tAgronomia Sulriograndense (Brazil)
_xISSN 0400-8111
_g(1973), v. 9(2) p. 127-135
_wBR9508489
909 _a202311
_bLúcia
_c55
_dLúcia Elande
942 _2AGRIS
_n0
_cANA
999 _c146966
_d146966